000 00509nam a2200169Ia 4500
008 090711s9999 xx 000 0 und d
082 _b68265
100 _aरावजी आशु / कानडे दिनु
245 _aसाहेब
260 _c1992
300 _a192
600 _aरावजी आशु / कानडे दिनु
630 _aसाहेब
700 _aरावजी आशु / कानडे दिनु
730 _aसाहेब
942 _cBOOK
999 _c303779
_d303779